Catálogo público

Range management : principles and practices / (Record no. 168846)

MARC details
000 -CABECERA
campo de control de longitud fija 00939nam a2200325Ia 4500
001 - NÚMERO DE CONTROL
campo de control Z_5740
003 - IDENTIFICADOR DEL NÚMERO DE CONTROL
campo de control CHAP
008 - DATOS DE LONGITUD FIJA--INFORMACIÓN GENERAL
campo de control de longitud fija 220113s2004 xx 000 0 und d
010 ## - NÚMERO DE CONTROL DE LA BIBLIOTECA DEL CONGRESO
Número de control de LC 168846
020 ## - NÚMERO INTERNACIONAL ESTÁNDAR DEL LIBRO
Número Internacional Estándar del Libro 0-13-047475-4
040 ## - FUENTE DE LA CATALOGACIÓN
Centro/agencia transcriptor CHAP
082 ## - NÚMERO DE LA CLASIFICACIÓN DECIMAL DEWEY
Número de clasificación 633.2 H65 2004
100 ## - ENTRADA PRINCIPAL--NOMBRE DE PERSONA
Nombre de persona Holechek, Jerry L.
9 (RLIN) 55923
245 ## - MENCIÓN DE TÍTULO
Título Range management : principles and practices /
Mención de responsabilidad, etc. Jerry L. Holechek, Rex D. Pieper y Carlton H. Herbel
250 ## - MENCIÓN DE EDICIÓN
Mención de edición 5a ed.
260 ## - PUBLICACIÓN, DISTRIBUCIÓN, ETC.
Lugar de publicación, distribución, etc. Estados Unidos de América :
Nombre del editor, distribuidor, etc. Pearson Pretice Hall,
Fecha de publicación, distribución, etc. 2004
300 ## - DESCRIPCIÓN FÍSICA
Extensión xv, 607 p.
503 ## - NOTA DE HISTORIA BIBLIOGRÁFICA (BK CF MU) [OBSOLETO]
Nota de historia bibliográfica ej.1: 240998
504 ## - NOTA DE BIBLIOGRAFÍA, ETC.
Nota de bibliografía, etc. Incluye bibliografá e índice
650 ## - PUNTO DE ACCESO ADICIONAL DE MATERIA--TÉRMINO DE MATERIA
Término de materia o nombre geográfico como elemento de entrada Pastizales
Subdivisión general Estados Unidos de América
9 (RLIN) 138009
650 ## - PUNTO DE ACCESO ADICIONAL DE MATERIA--TÉRMINO DE MATERIA
Término de materia o nombre geográfico como elemento de entrada Pastizales
Subdivisión general Manejo
9 (RLIN) 85944
700 ## - PUNTO DE ACCESO ADICIONAL--NOMBRE DE PERSONA
Nombre de persona Herbel, Carlton H, coaut.
9 (RLIN) 143110
700 ## - PUNTO DE ACCESO ADICIONAL--NOMBRE DE PERSONA
Nombre de persona Pieper, Rex D., coaut.
9 (RLIN) 143111
901 ## - ELEMENTOS DE DATOS A LOCAL LDA (RLIN)
a 633.2 H65 2004
902 ## - ELEMENTOS DE DATOS B LOCAL, LDB (RLIN)
a M
910 ## - DATOS DE OPCIÓN DEL USUARIO (OCLC)
Datos de opción del usuario 2004
942 ## - ELEMENTOS DE PUNTO DE ACCESO ADICIONAL (KOHA)
Tipo de ítem Koha Libro_
942 ## - ELEMENTOS DE PUNTO DE ACCESO ADICIONAL (KOHA)
Tipo de ítem Koha
Holdings
Estado de retiro Estado de pérdida Fuente del sistema de clasificación o colocación Estado dañado Restricciones de uso No para préstamo Código de colección Localización permanente Ubicación/localización actual Fecha de adquisición Total de préstamos Signatura topográfica completa Código de barras Fecha visto por última vez Fecha del último préstamo Número de copia Precio válido a partir de Tipo de ítem Koha
    Dewey Decimal Classification   Préstamo interno   General Zootecnia Zootecnia 16/01/2009 9 633.2 H65 2004 z_5633 28/01/2025 28/01/2025 Ej.1 18/01/2022 Libro